000 00362nam a2200133Ia 4500
008 240624s9999 xx 000 0 und d
041 _aeng
082 _a796.323092 JAB
100 _aABDUL JABBAR KAREEM
245 _aCOACH WOODEN AND ME OUR 50 YEAR FRIENDSH
260 _c2017
_aNew York
_bGrand Central Publishing
300 _a290 p.; 23 cm.
365 _c
_b33
999 _c32153
_d32153